01363nab a22002297a 4500999001500000003000400015005001700019008004100036040000700077100003800084245011700122260007300239300001300312500004500325505043200370505008900802650003500891650002100926650002500947773014800972942001301120 c5517d5517OSt20251210154745.0190604e xxu||||| |||| 00| 0 spa d cPJ 91712aLeiva Fernandez, Luis F. P.13aEl contrato de claque y sus variantes : btanática, recreativa o requirente /cLuis F. P. Leiva Fernández. aCiudad Autónoma de Buenos Aires :bThomson Reuters La Ley, c2025. ap. 37-48 aCita Online: TR LALEY AR/DOC/1711/2025.  aSumario: I. Método de este ensayo.— II. Uso histórico del contrato de claque tanática.— III. El contrato de claque tanática. Su uso en entierros y velatorios.— IV. El contrato de claque recreativa.— V. El contrato de claque requirente. Su uso actual y contraprestación.— VI. Mi concepto del contrato de claque.— VII. Relaciones jurídicas en torno del contrato de claque.— VIII. Algunas conclusiones.  t¿Te interesa el texto completo? Solicitalo al correo: koha@justierradelfuego.gov.ar 091497aCODIGO CIVIL Y COMERCIAL 093463aCONTRATOS  0aCONDUCTA CONTRACTUAL0 0271493171dCiudad Autónoma de Buenos Aires : Thomson Reuters La Ley, 2014-tRevista anales de legislación argentina. Nº 10- Octubre 2025. 2udccANA